• 首页
  • 本馆介绍
  • 公告通知
  • 最新文献
  • 馆藏检索
  • 电子资源
  • 读者导购
  • 参考咨询
  • 我的图书馆
  • 登录
  • 详细信息显示
  • 放入我的书架
  • 预约/预借图书
  • 作者相关作品
  • 分类相关作品
  • 丛书相关作品
  • 出版社相关作品

书目信息

  • 表格格式
  • 工作单格式
  • 卡片格式
题名:
蜜蜂病虫害防治
    
 
作者: 冯峰 , 魏华珍 编著
分册:  
出版信息: 北京   金盾出版社  1993
页数: 123页
开本: 19cm
丛书名:
单 册:
中图分类: S895
科图分类:
主题词: 蜜蜂疾病--防治
电子资源:
ISBN: 7-80022-758-8
000 00673nam0 2200241 450
001 0100442935
005 20101203143452.0
010    @a7-80022-758-8@dCNY2.70
011    @a7-80022-758-8
100    @a20021005d1993 em y0chiy0110 ea
101 0  @achi
102    @aCN@b110000
105    @af z 000yy
106    @ar
200 1  @a蜜蜂病虫害防治@9Mi Feng Bing Chong Hai Fang Zhi @f冯峰,魏华珍编著@b专著
210    @a北京@c金盾出版社@d1993
215    @a123页@c彩图@d19cm
606 0  @a蜜蜂疾病@x防治
690    @aS895@v3
701  0 @a冯峰@9feng feng@4编著
701  0 @a魏华珍@9wei hua zhen@4编著
801  0 @aCN@bAiZhiMarc@c19940219
905    @aBZT@dS895@e1@f4@sS895/1
    
    蜜蜂病虫害防治/冯峰,魏华珍编著.-北京:金盾出版社,1993
    123页:彩图;19cm
    
    
    ISBN 7-80022-758-8:CNY2.70
    
●
相关链接 在五车中查询图书 在当当中查询图书 在豆瓣中查询图书


正题名:蜜蜂病虫害防治     索取号:S895/1         预约/预借

序号 登录号 条形码 馆藏地/架位号 状态 备注
1 2000038464   2000038464   旧书回溯/ [索取号:S895/1] 在馆    
2 2000038465   2000038465   旧书回溯/ [索取号:S895/1] 在馆    
3 2000038466   2000038466   旧书回溯/ [索取号:S895/1] 在馆    
4 2000038467   2000038467   旧书回溯/ [索取号:S895/1] 在馆    
山东省滨州职业学院图书馆 欢迎您!
大连网信软件有限公司© 版权所有